Detalles MARC
| 000 -LÍDER |
| Campo fijo de descripción fija |
02314nam a2200361 i 4500 |
| 001 - NÚMERO DE CONTROL |
| Campo de control |
768714001 |
| 003 - IDENTIFICADOR DEL NÚMERO DE CONTROL |
| Campo de control |
CO-MdFUSB |
| 005 - FECHA Y HORA DE LA ULTIMA TRANSACCIÓN |
| control field |
20230206120012.0 |
| 007 - CAMPO FIJO DE DESCRIPCIÓN FIJA--INFORMACIÓN GENERAL |
| Campo fijo de descripción fija |
cr ua aaaaa |
| 008 - ELEMENTOS DE LONGITUD FIJA -- INFORMACIÓN GENERAL |
| Campo fijo de descripción fija -- Información general |
230206t2001 -us |||| |||| 00| 0 eng d |
| 020 ## - NÚMERO INTERNACIONAL NORMALIZADO PARA LIBROS |
| Número Internacional Normalizado del libro |
9781467430227 |
| Información adicional |
electrónico |
| 040 ## - FUENTE DE CATALOGACIÓN |
| Agencia de catalogación original |
CO-MdFUSB |
| Idioma de catalogación |
spa |
| Agencia que realiza la transcripción |
CO-MdFUSB |
| Agencia que realiza la modificación |
CO-MdFUSBC |
| Convenciones de la descripción |
rda |
| 041 ## - CÓDIGO DE IDIOMA |
| Código de idioma para texto/pista de sonido o título separado |
eng |
| 082 ## - NÚMERO DE CLASIFICACIÓN DECIMAL DEWEY |
| Número de la edición del Dewey |
23 |
| Número de clasificación |
296.09014 |
| 100 1# - ASIENTO PRINCIPAL--NOMBRE PERSONAL |
| Nombre personal |
VanderKam, James C. |
| Término relacionador |
autor |
| 245 #3 - TÍTULO |
| Título del Material |
An introduction to early judaism |
| Mención de responsabilidad, etc. |
/ James C. Vanderkam |
| Medio físico |
[electrónico] |
| 264 #1 - PRODUCCIÓN, PUBLICACIÓN, DISTRIBUCIÓN, MANUFACTURA, Y COPYRIGHT |
| Lugar de producción, publicación, distribución, manufactura |
Grand Rapids, Michigan : |
| Nombre del productor, publicador, distribuidor |
Wm. B. Eerdmans Publishing Company, |
| Fecha de producción, publicación, distribución, manufactura, o copyright |
[2001] |
| 264 #4 - PRODUCCIÓN, PUBLICACIÓN, DISTRIBUCIÓN, MANUFACTURA, Y COPYRIGHT |
| Fecha de producción, publicación, distribución, manufactura, o copyright |
© 2001 |
| 300 ## - DESCRIPCIÓN FÍSICA |
| Dimensiones |
; |
| 336 ## - TIPO DE CONTENIDO |
| Fuente |
rdacontent |
| Término de tipo de contenido |
texto |
| Código de tipo de contenido |
txt |
| 337 ## - TIPO DE MEDIO |
| Fuente |
rdamedia |
| Nombre del tipo de medio |
informático |
| Código del tipo de medio |
c |
| 338 ## - TIPO DE SOPORTE |
| Fuente |
rdacarrier |
| Nombre del tipo de soporte |
remoto |
| Código Tipo de soporte |
cr |
| 505 ## - NOTA DE CONTENIDO |
| Nota de contenido con formato preestablecido |
La época del segundo templo. -- Literatura judía del período del Segundo Templo. -- Síntesis: Líderes, Grupos e Instituciones |
| 506 ## - NOTA DE RESTRICCIONES DE ACCESO |
| Condiciones de acceso |
Solicitar clave y usuario para acceder al libro electrónico. |
| 506 ## - NOTA DE RESTRICCIONES DE ACCESO |
| Condiciones de acceso |
Libro multiusuario. |
| 520 ## - NOTA DE RESUMEN, ETC. |
| Nota de sumario, etc. |
Uno de los eruditos más respetados de la historia bíblica y los Rollos del Mar Muerto, James C. VanderKam, ofrece aquí una excelente nueva introducción al judaísmo primitivo. Basado en las mejores y más recientes investigaciones arqueológicas, este volumen ilustrado explora la historia del judaísmo durante la Segunda Guerra Mundial. Período del templo (516 a. C. - 70 d. C.), que describe el cuerpo de la literatura judía escrita durante estos siglos y los grupos, instituciones y prácticas más importantes de la época. Particularmente interesantes son la descripción de VanderKam de los eventos asociados con Masada y la revuelta de Kokhba, y su comentario sobre los textos descubiertos en lugares como Elefantina, Egipto y Qumran. Escrito en el mismo estilo accesible que los ampliamente elogiados Dead Sea Scrolls Today de VanderKam, este volumen proporciona la mejor introducción en el aula al judaísmo primitivo disponible. |
| 650 #7 - ASIENTO SECUNDARIO DE MATERIA - TERMINO TEMÁTICO |
| 9 (RLIN) |
6881 |
| Término temático o nombre geográfico como elemento de entrada |
Judaísmo |
| 856 ## - LOCALIZACIÓN Y ACCESO ELECTRÓNICOS |
| Numero de Acceso |
3078014 |
| Identificador Uniforme del Recurso |
<a href="https://search.ebscohost.com/login.aspx?direct=true&db=nlebk&AN=3078014&lang=es&site=ehost-live">https://search.ebscohost.com/login.aspx?direct=true&db=nlebk&AN=3078014&lang=es&site=ehost-live</a> |
| Nota dirigida al público |
<a href="Abrir Versión electrónica del libro An introduction to early judaism">Abrir Versión electrónica del libro An introduction to early judaism</a> |
| 942 ## - TIPO DE MATERIAL (KOHA) |
| Tipo de Item KOHA |
Libros General |
| 945 ## - INFORMACIÓN LOCAL DEL REGISTRO |
| Catalogador |
JTF-925 |